000 00327nam a2200121Ia 4500
008 230524s9999 xx 000 0 und d
100 _aPoornima M Charantimath
245 0 _aEntrepreneurship Development Small Business Enterprises
260 _bPearson
500 _aQuantity Number: 95
650 _aManagement
942 _cBK
999 _c49652
_d49652